000 00536nam a22002057a 4500
003 OSt
005 20150306154113.0
008 150306b xxu||||| |||| 00| 0 eng d
020 _a0727911899
040 _cDNLM
082 _aWK 810 W29a 1998
100 _aWatkins J Peter
_93195
245 _a ABC of Diabetes /
_cPeter J watkins
250 _a4th ed.
260 _aLondob :
_bBMJ publishing Group;
_c1998.
300 _aviii, 69 p :
_bcol.ill;
_c29 cm.
504 _aIncludes index.
650 _aDiabetes
_92432
942 _2z
_cSLOAN
999 _c1169
_d1169